MARC

LEADER 00000nam0a2200000 4500
001 131765
005 20231031134609.0
035 |a (RuTPU)RU\TPU\book\142695 
090 |a 131765 
100 |a 20080221d1981 m y0rusy50 ca 
101 0 |a rus 
102 |a RU 
105 |a a z 000zy 
200 1 |a Теплофизические, электрические и механические свойства полимеров  |e 1981  |f Н. А. Козлов  |g Владимирский политехнический институт (ВПИ) 
210 |a Владимир  |c [Б. и.]  |d 1981 
215 |a 60 с.  |c ил. 
610 1 |a теплофизические свойства 
610 1 |a электрические свойства 
610 1 |a механические свойства 
610 1 |a полимеры 
610 1 |a долговечность 
610 1 |a разрушение 
610 1 |a механизмы 
610 1 |a прочность 
610 1 |a теплостойкость 
610 1 |a твердость 
610 1 |a трение 
610 1 |a истирание 
610 1 |a износ 
610 1 |a устойчивость 
675 |a 678.01(075.8)  |v 3 
700 1 |a Козлов  |b Н. А.  |g Николай Андреевич 
712 0 2 |a Владимирский политехнический институт (ВПИ)  |c (1969-1993)  |2 stltpush  |3 (RuTPU)RU\TPU\col\319 
801 1 |a RU  |b 63413507  |c 20080221  |g PSBO 
801 2 |a RU  |b 63413507  |c 20081208  |g PSBO 
942 |c BK